[Event "Copa Latinoamericana de Ajedrez 2011"]
[Site "Montevideo URU"]
[Date "2011.11.01"]
[Round "1.29"]
[White "Lujan, Carolina"]
[Black "Rodriguez Lazo, Luis"]
[Result "1-0"]
[WhiteElo "2361"]
[BlackElo "1879"]
[PlyCount "43"]
[EventDate "2011.11.01"]
[EventType "swiss"]
[EventRounds "9"]
[EventCountry "URU"]
[Source "lmi"]
[SourceDate "2011.11.01"]

1. e4 e5 2. Nf3 Nf6 3. Nxe5 d6 4. Nf3 Nxe4 5. Nc3 Nxc3 6. dxc3 Be7 7. Be3 Nc6
8. Qd2 h6 9. O-O-O Be6 10. Kb1 Ne5 11. Nd4 Bc4 12. f4 Bxf1 13. Rhxf1 Nc4 14.
Qe2 Nxe3 15. Qxe3 O-O 16. Nf5 Bf6 17. g4 Re8 18. Qd3 Qd7 19. h4 Re6 20. g5 hxg5
21. hxg5 Be7 22. Rh1 1-0

[Event "Copa Latinoamericana de Ajedrez 2011"]
[Site "Montevideo URU"]
[Date "2011.11.01"]
[Round "1.30"]
[White "Duarde Boabaid, Jorge Alberto"]
[Black "Fabian, Gaston"]
[Result "0-1"]
[WhiteElo "1879"]
[BlackElo "2352"]
[PlyCount "86"]
[EventDate "2011.11.01"]
[EventType "swiss"]
[EventRounds "9"]
[EventCountry "URU"]
[Source "lmi"]
[SourceDate "2011.11.01"]

1. e4 c5 2. Nf3 d6 3. d4 cxd4 4. Nxd4 Nf6 5. Nc3 a6 6. Bg5 e6 7. Qd2 h6 8. Bh4
Nxe4 9. Nxe4 Qxh4 10. Nc3 Qd8 11. O-O-O Be7 12. Kb1 Nc6 13. f4 O-O 14. Be2 d5
15. g4 Nxd4 16. Qxd4 b5 17. Bd3 Bf6 18. Qc5 Bd7 19. Ne2 Rc8 20. Qe3 Qe7 21. g5
hxg5 22. Qh3 g6 23. fxg5 Bxg5 24. Rhg1 e5 25. Qg2 e4 26. Qxg5 Qxg5 27. Rxg5
exd3 28. Rxd3 Rfe8 29. Nc1 Bf5 30. Rd2 Re1 31. b3 Be4 32. Kb2 b4 33. Ne2 Bxc2
34. a3 Rb1+ 35. Ka2 Rxb3 36. axb4 Rxb4 37. Nd4 Bb1+ 38. Ka3 a5 39. Rg3 Rcc4 40.
Nb3 Bc2 41. Rxd5 Bxb3 42. Rxb3 Rxb3+ 43. Kxb3 Rh4 0-1

[Event "Copa Latinoamericana de Ajedrez 2011"]
[Site "Montevideo URU"]
[Date "2011.11.01"]
[Round "1.31"]
[White "Barrionuevo, Pablo"]
[Black "Piñero, Ismael"]
[Result "1-0"]
[WhiteElo "2336"]
[BlackElo "1874"]
[PlyCount "67"]
[EventDate "2011.11.01"]
[EventType "swiss"]
[EventRounds "9"]
[EventCountry "URU"]
[Source "lmi"]
[SourceDate "2011.11.01"]

1. d4 Nf6 2. c4 g6 3. Nc3 Bg7 4. e4 d6 5. f4 O-O 6. Nf3 c5 7. d5 e6 8. Be2 exd5
9. cxd5 Re8 10. e5 dxe5 11. fxe5 Ng4 12. Bg5 Qb6 13. O-O Nxe5 14. d6 Be6 15.
Nxe5 Bxe5 16. Nd5 Qxb2 17. Nf6+ Bxf6 18. Bxf6 Qa3 19. Qd2 Nd7 20. Bb2 Qb4 21.
Bc3 Qh4 22. g3 Qh3 23. Rf4 Qh6 24. Raf1 a6 25. Bf3 Qg5 26. Bxb7 Rab8 27. Bc6
Red8 28. Ba1 h5 29. Qc3 Qh6 30. Kg2 c4 31. Rxf7 Bxf7 32. Rxf7 Kxf7 33. Bd5+ Kf8
34. Qf3+ 1-0

[Event "Copa Latinoamericana de Ajedrez 2011"]
[Site "Montevideo URU"]
[Date "2011.11.01"]
[Round "1.32"]
[White "Iduate, Guillermo"]
[Black "Larrea, Manuel"]
[Result "0-1"]
[WhiteElo "1870"]
[BlackElo "2327"]
[PlyCount "67"]
[EventDate "2011.11.01"]
[EventType "swiss"]
[EventRounds "9"]
[EventCountry "URU"]
[Source "lmi"]
[SourceDate "2011.11.01"]

1. e4 c5 2. Nf3 d6 3. d4 cxd4 4. Nxd4 Nf6 5. Nc3 e5 6. Bb5+ Nbd7 7. Nf5 a6 8.
Bxd7+ Qxd7 9. Bg5 Nxe4 10. Nxg7+ Bxg7 11. Nxe4 O-O 12. Qxd6 f6 13. Qxd7 Bxd7
14. Bh4 Bc6 15. f3 f5 16. Nd2 e4 17. O-O-O e3 18. Nb3 f4 19. Nd4 Bd5 20. a3
Rac8 21. Kb1 Rf7 22. Ne2 Be6 23. c3 Be5 24. Nd4 Bd7 25. Ne2 Bf5+ 26. Kc1 Be6
27. Kc2 b5 28. Nd4 Bd7 29. Ne2 Rc5 30. Rhf1 a5 31. Bd8 b4 32. Bb6 Bf5+ 33. Kc1
bxa3 34. bxa3 0-1

[Event "Copa Latinoamericana de Ajedrez 2011"]
[Site "Montevideo URU"]
[Date "2011.11.01"]
[Round "1.33"]
[White "Matsuura, Frederico"]
[Black "Fernandez, Carlos"]
[Result "1-0"]
[WhiteElo "2314"]
[BlackElo "1865"]
[PlyCount "81"]
[EventDate "2011.11.01"]
[EventType "swiss"]
[EventRounds "9"]
[EventCountry "URU"]
[Source "lmi"]
[SourceDate "2011.11.01"]

1. d4 Nf6 2. c4 e6 3. Nf3 d5 4. Nc3 a6 5. cxd5 exd5 6. Bg5 Be7 7. e3 O-O 8. Bd3
b5 9. Qc2 h6 10. Bh4 Bb7 11. O-O Nbd7 12. Rac1 Ne4 13. Nxe4 dxe4 14. Bxe4 Bxe4
15. Qxe4 Bxh4 16. Qxh4 Nf6 17. Rc5 Re8 18. Rfc1 Rc8 19. Ne5 Re6 20. Ng4 c6 21.
Nxf6+ Rxf6 22. Rxc6 Ra8 23. Rxf6 Rc8 24. Rd1 gxf6 25. Qe4 Qc7 26. d5 Rd8 27. h3
Kg7 28. Qg4+ Kh7 29. Qd4 Qd6 30. a4 bxa4 31. Qxa4 Rc8 32. Qe4+ Kh8 33. Qf4 Qxf4
34. exf4 Rd8 35. d6 f5 36. g4 fxg4 37. hxg4 Kg7 38. Kg2 Kf6 39. Kg3 Ke6 40. d7
f6 41. b4 1-0

[Event "Copa Latinoamericana de Ajedrez 2011"]
[Site "Montevideo URU"]
[Date "2011.11.01"]
[Round "1.34"]
[White "Salguero, Rafael"]
[Black "Egoroff, Jomar"]
[Result "1/2-1/2"]
[WhiteElo "1855"]
[BlackElo "2311"]
[PlyCount "158"]
[EventDate "2011.11.01"]
[EventType "swiss"]
[EventRounds "9"]
[EventCountry "URU"]
[Source "lmi"]
[SourceDate "2011.11.01"]

1. d4 d5 2. c4 e6 3. Nc3 Nf6 4. Nf3 Be7 5. Bg5 Nbd7 6. e3 O-O 7. cxd5 exd5 8.
Bd3 Re8 9. O-O c6 10. Qc2 Nf8 11. Rab1 Ne4 12. Bxe7 Qxe7 13. b4 a6 14. a4 Ng6
15. b5 axb5 16. axb5 Bg4 17. Bxe4 dxe4 18. Nd2 Bf5 19. bxc6 bxc6 20. Ne2 Ra6
21. Ng3 Nh4 22. Nxf5 Nxf5 23. Qxe4 Qd7 24. Qc2 Nh4 25. g3 Ng6 26. Rfc1 h5 27.
Nb3 Qg4 28. Qd1 Qf5 29. Rc5 Qf6 30. Qxh5 Rb8 31. Qd1 Nh4 32. Nd2 Rxb1 33. Qxb1
Nf3+ 34. Nxf3 Qxf3 35. Rc1 g6 36. Qc2 Kg7 37. Qd1 Qe4 38. Qf1 Rb6 39. Qg2 Qf5
40. Qf1 Qe4 41. Qc4 Qf3 42. Qc3 f6 43. Ra1 Kh6 44. Qc1 Qe4 45. Qf1 Qf5 46. Rc1
g5 47. Qe2 Qe4 48. Qc2 Qf3 49. Ra1 f5 50. Rc1 g4 51. Qc5 Ra6 52. Qc4 Rb6 53.
Qc2 Kg6 54. Qa2 Qe4 55. Qd2 Qf3 56. d5 Qxd5 57. Qxd5 cxd5 58. h4 gxh3 59. Kh2
Rb2 60. Rf1 d4 61. exd4 Rd2 62. Kxh3 Rxd4 63. Ra1 Rd2 64. Ra6+ Kh5 65. f4 Rd3
66. Ra5 Kg6 67. Kh4 Rd6 68. Ra8 Rd3 69. Ra6+ Kf7 70. Rh6 Ra3 71. Rb6 Re3 72.
Ra6 Rb3 73. Kg5 Rxg3+ 74. Kxf5 Rf3 75. Ra7+ Kf8 76. Kg5 Rb3 77. f5 Rb6 78. f6
Rb1 79. Ra8+ Kf7 1/2-1/2

[Event "Copa Latinoamericana de Ajedrez 2011"]
[Site "Montevideo URU"]
[Date "2011.11.01"]
[Round "1.35"]
[White "Leskovar, Matias"]
[Black "Ibañez, Marcelo"]
[Result "0-1"]
[WhiteElo "2280"]
[BlackElo "1854"]
[PlyCount "74"]
[EventDate "2011.11.01"]
[EventType "swiss"]
[EventRounds "9"]
[EventCountry "URU"]
[Source "lmi"]
[SourceDate "2011.11.01"]

1. d4 Nf6 2. Nf3 e6 3. Bg5 Be7 4. Nbd2 b6 5. e4 c5 6. e5 Nd5 7. Ne4 O-O 8. c4
f5 9. Bxe7 Nxe7 10. Nd6 cxd4 11. Qxd4 Nbc6 12. Qc3 a5 13. Be2 Ba6 14. O-O Nc8
15. Rfd1 Qe7 16. a3 a4 17. Rd2 Na5 18. Rad1 Ra7 19. Qb4 Nb3 20. Rc2 Nc5 21.
Nxc8 Rxc8 22. Rd6 Bb7 23. Rxb6 Qd8 24. Rd6 Be4 25. Rcd2 Rb7 26. Qc3 Bc6 27. Nd4
Ne4 28. Nxc6 Rxc6 29. Qc2 Nxd2 30. Rxd2 Rcb6 31. Qxa4 Rxb2 32. Rxb2 Rxb2 33.
Qd1 Qb6 34. Qxd7 h6 35. Qd3 Qa5 36. Bf1 Qxe5 37. h4 Qf4 0-1

[Event "Copa Latinoamericana de Ajedrez 2011"]
[Site "Montevideo URU"]
[Date "2011.11.01"]
[Round "1.36"]
[White "Blanchard, Marcel"]
[Black "Izquierdo, Daniel"]
[Result "0-1"]
[WhiteElo "1840"]
[BlackElo "2277"]
[PlyCount "54"]
[EventDate "2011.11.01"]
[EventType "swiss"]
[EventRounds "9"]
[EventCountry "URU"]
[Source "lmi"]
[SourceDate "2011.11.01"]

1. d4 c5 2. Nf3 cxd4 3. Nxd4 g6 4. Nc3 Bg7 5. e4 Nc6 6. Be3 Nf6 7. Be2 O-O 8.
O-O d5 9. exd5 Nxd5 10. Nxd5 Nxd4 11. Bxd4 Qxd5 12. Bxg7 Qxd1 13. Rfxd1 Kxg7
14. c4 Be6 15. b3 Rfc8 16. Bf3 Rc7 17. Bd5 Bf5 18. h3 h5 19. Bf3 a5 20. Rac1
Kf6 21. a3 Rac8 22. g4 hxg4 23. Bxg4 Bxg4 24. hxg4 a4 25. Rc3 axb3 26. Rxb3
Rxc4 27. Rxb7 Rxg4+ 0-1

[Event "Copa Latinoamericana de Ajedrez 2011"]
[Site "Montevideo URU"]
[Date "2011.11.01"]
[Round "1.37"]
[White "Trois, Francisco R Terres"]
[Black "Luzuriaga, Norberto"]
[Result "1-0"]
[WhiteElo "2275"]
[BlackElo "1836"]
[PlyCount "45"]
[EventDate "2011.11.01"]
[EventType "swiss"]
[EventRounds "9"]
[EventCountry "URU"]
[Source "lmi"]
[SourceDate "2011.11.01"]

1. e4 c6 2. d4 d5 3. Nc3 dxe4 4. Nxe4 Nd7 5. Ng5 Ngf6 6. Bc4 e6 7. Qe2 Nd5 8.
N1f3 h6 9. Ne4 Qc7 10. O-O Be7 11. Bb3 b5 12. c3 Bb7 13. Re1 c5 14. Qxb5 cxd4
15. Nxd4 a6 16. Qe2 a5 17. Qg4 N7f6 18. Nxf6+ Nxf6 19. Ba4+ Kf8 20. Qxe6 Bd6
21. Qh3 Bc8 22. Qh4 Ng4 23. Re8# 1-0

[Event "Copa Latinoamericana de Ajedrez 2011"]
[Site "Montevideo URU"]
[Date "2011.11.01"]
[Round "1.38"]
[White "De Mello, Rodrigo"]
[Black "Espinoza Palomino, Willyam"]
[Result "0-1"]
[WhiteElo "1832"]
[BlackElo "2273"]
[PlyCount "40"]
[EventDate "2011.11.01"]
[EventType "swiss"]
[EventRounds "9"]
[EventCountry "URU"]
[Source "lmi"]
[SourceDate "2011.11.01"]

1. d4 Nf6 2. Nf3 e6 3. c4 c5 4. e3 cxd4 5. exd4 d5 6. Nc3 Be7 7. Bd3 dxc4 8.
Bxc4 O-O 9. O-O Nc6 10. a3 b6 11. Bf4 Bb7 12. Ba2 Rc8 13. Re1 Na5 14. Ne5 Nd5
15. Nxd5 Bxd5 16. Re3 Bxa2 17. Rxa2 Qxd4 18. Nd3 Bf6 19. Rh3 Rfd8 20. Qh5 Qxf4
0-1

[Event "Copa Latinoamericana de Ajedrez 2011"]
[Site "Montevideo URU"]
[Date "2011.11.01"]
[Round "1.39"]
[White "Rodriguez, Santiago"]
[Black "Casas, Nicolas"]
[Result "1-0"]
[WhiteElo "2269"]
[BlackElo "1811"]
[PlyCount "53"]
[EventDate "2011.11.01"]
[EventType "swiss"]
[EventRounds "9"]
[EventCountry "URU"]
[Source "lmi"]
[SourceDate "2011.11.01"]

1. d4 Nf6 2. Bg5 e6 3. Nf3 Be7 4. Nbd2 c5 5. e3 cxd4 6. exd4 d5 7. Bd3 Nc6 8.
c3 Qc7 9. O-O Bd7 10. Re1 Bd6 11. Rc1 Be7 12. Nf1 h6 13. Bh4 O-O 14. Bb1 Ng4
15. Bg3 Bd6 16. h3 Bxg3 17. Nxg3 Nf6 18. Qd3 g6 19. Ne5 Ne7 20. h4 h5 21. Qf3
Kg7 22. Qf4 Qd8 23. Qg5 Nf5 24. Bxf5 exf5 25. Nxd7 Qxd7 26. Re5 Rfe8 27. Nxf5+
1-0

[Event "Copa Latinoamericana de Ajedrez 2011"]
[Site "Montevideo URU"]
[Date "2011.11.01"]
[Round "1.40"]
[White "Passos Coutinho, Eduardo"]
[Black "Lacayo, Rene"]
[Result "0-1"]
[WhiteElo "1810"]
[BlackElo "2264"]
[PlyCount "64"]
[EventDate "2011.11.01"]
[EventType "swiss"]
[EventRounds "9"]
[EventCountry "URU"]
[Source "lmi"]
[SourceDate "2011.11.01"]

1. Nf3 Nf6 2. g3 d5 3. Bg2 c6 4. O-O Bf5 5. d3 e6 6. Nbd2 Be7 7. b3 O-O 8. Bb2
a5 9. a4 Na6 10. Ne5 h6 11. Ndf3 Bh7 12. Nd4 Nd7 13. Nxd7 Qxd7 14. Nf3 Qc7 15.
Qd2 Nb4 16. Rac1 Rfe8 17. Qe3 Bd6 18. Be5 f6 19. Bxd6 Qxd6 20. Rfd1 e5 21. c3
Na6 22. Qd2 Nc5 23. Qa2 Kh8 24. d4 exd4 25. Nxd4 Qc7 26. c4 dxc4 27. Rxc4 Qb6
28. e3 Rad8 29. Rdc1 Nd3 30. Rf1 Nb4 31. Qe2 Rxd4 32. Rxd4 Qxd4 0-1

[Event "Copa Latinoamericana de Ajedrez 2011"]
[Site "Montevideo URU"]
[Date "2011.11.01"]
[Round "1.41"]
[White "Cuevas Araya, Walter"]
[Black "Acerenza, Antonio"]
[Result "1-0"]
[WhiteElo "2259"]
[BlackElo "1807"]
[PlyCount "57"]
[EventDate "2011.11.01"]
[EventType "swiss"]
[EventRounds "9"]
[EventCountry "URU"]
[Source "lmi"]
[SourceDate "2011.11.01"]

1. e4 c5 2. Nf3 d6 3. d4 cxd4 4. Nxd4 Nf6 5. Nc3 g6 6. Be3 Bg7 7. f3 O-O 8. Qd2
Nc6 9. O-O-O Nxd4 10. Bxd4 Be6 11. Kb1 Re8 12. h4 Qa5 13. g4 h5 14. gxh5 Nxh5
15. Bxg7 Kxg7 16. Rg1 f6 17. f4 Rac8 18. f5 Bf7 19. Be2 Kh7 20. a3 Rxc3 21.
Qxc3 Qxc3 22. bxc3 gxf5 23. exf5 Rc8 24. Bxh5 Bxh5 25. Rde1 Re8 26. Re3 Kh6 27.
Kc1 Rc8 28. Rxe7 Rxc3 29. Rgg7 1-0

[Event "Copa Latinoamericana de Ajedrez 2011"]
[Site "Montevideo URU"]
[Date "2011.11.01"]
[Round "1.42"]
[White "Barra De Oliveira, Francemir"]
[Black "Hernandez, Alexander"]
[Result "0-1"]
[WhiteElo "1806"]
[BlackElo "2258"]
[PlyCount "56"]
[EventDate "2011.11.01"]
[EventType "swiss"]
[EventRounds "9"]
[EventCountry "URU"]
[Source "lmi"]
[SourceDate "2011.11.01"]

1. e4 c5 2. Nf3 d6 3. d4 cxd4 4. Nxd4 Nf6 5. Nc3 a6 6. Be2 e5 7. Nb3 Be7 8. O-O
O-O 9. Kh1 Nbd7 10. f4 exf4 11. Bxf4 Ne5 12. Qe1 Ng6 13. Bg3 Qc7 14. Rd1 Be6
15. Nd2 b5 16. a3 a5 17. h3 Qb7 18. Kh2 Rfd8 19. Qf2 Rac8 20. Bf3 b4 21. axb4
Qxb4 22. Nd5 Bxd5 23. exd5 Rxc2 24. Be5 dxe5 25. g4 Bc5 26. Qe1 e4 27. Be2 Rxd5
28. g5 Rdxd2 0-1

[Event "Copa Latinoamericana de Ajedrez 2011"]
[Site "Montevideo URU"]
[Date "2011.11.01"]
[Round "1.43"]
[White "Paveto, Kevin"]
[Black "De Leon, Patricia"]
[Result "1/2-1/2"]
[WhiteElo "2258"]
[BlackElo "1800"]
[PlyCount "67"]
[EventDate "2011.11.01"]
[EventType "swiss"]
[EventRounds "9"]
[EventCountry "URU"]
[Source "lmi"]
[SourceDate "2011.11.01"]

1. e4 c6 2. d4 d5 3. f3 g6 4. Nc3 Bg7 5. Be3 e6 6. Nge2 Ne7 7. g3 b6 8. Bg2 Nd7
9. O-O Bb7 10. Qd2 h5 11. exd5 Nxd5 12. Bg5 f6 13. Nxd5 cxd5 14. Nf4 Nf8 15.
Qe3 Qd6 16. Bh3 Kf7 17. Rae1 Re8 18. Qd3 Bc8 19. Bh4 g5 20. Bxg5 fxg5 21. Ne2
Ng6 22. f4 g4 23. Bg2 Ne7 24. f5 Nxf5 25. Nf4 h4 26. c3 h3 27. Nxe6 Bxe6 28.
Rxf5+ Bxf5 29. Qxf5+ Qf6 30. Bxd5+ Kf8 31. Rxe8+ Kxe8 32. Qc8+ Qd8 33. Qe6+ Qe7
34. Qc8+ 1/2-1/2

[Event "Copa Latinoamericana de Ajedrez 2011"]
[Site "Montevideo URU"]
[Date "2011.11.01"]
[Round "1.44"]
[White "Ligato, Guillermo"]
[Black "Bassan, Remo"]
[Result "0-1"]
[WhiteElo "1789"]
[BlackElo "2255"]
[PlyCount "128"]
[EventDate "2011.11.01"]
[EventType "swiss"]
[EventRounds "9"]
[EventCountry "URU"]
[Source "lmi"]
[SourceDate "2011.11.01"]

1. e4 Nf6 2. e5 Nd5 3. a3 d6 4. d4 g6 5. Bg5 Bg7 6. Nf3 O-O 7. c4 Nb6 8. Nc3
Nc6 9. e6 fxe6 10. Qd2 Na5 11. Bd3 Nb3 12. Qe3 Nxa1 13. Bh6 Qe8 14. h4 Nxc4 15.
Qg5 Nxb2 16. Be4 d5 17. Bb1 Qf7 18. h5 Bxh6 19. Qxh6 Qf4 20. hxg6 Qxh6 21. Rxh6
hxg6 22. Ne5 Rf6 23. Nb5 Kg7 24. Rh3 b6 25. Nxc7 Bb7 26. Nxa8 Bxa8 27. Rg3 Nc4
28. Nxg6 Kf7 29. Nh8+ Ke8 30. Rg8+ Kd7 31. Rxa8 Rh6 32. Bd3 Nb3 33. Nf7 Rh1+
34. Bf1 Nbd2 35. Ne5+ Nxe5 36. Kxd2 Rxf1 37. Ke2 Ra1 38. Rxa7+ Kd6 39. dxe5+
Kxe5 40. Ra4 Ra2+ 41. Kf3 Kf5 42. g4+ Kg5 43. Ra8 e5 44. Rg8+ Kf6 45. Rf8+ Kg7
46. Ra8 e4+ 47. Ke3 Rb2 48. a4 Kf6 49. Rb8 Ke5 50. f4+ exf3 51. Kxf3 Rb3+ 52.
Ke2 Rb4 53. Kf3 e6 54. Rb7 d4 55. g5 Rxa4 56. g6 Ra3+ 57. Kf2 Ra8 58. Ke2 Rg8
59. g7 Kf6 60. Kd3 Rxg7 61. Rxb6 Rg4 62. Rd6 Ke5 63. Rd8 Rg3+ 64. Kd2 Ke4 0-1

[Event "Copa Latinoamericana de Ajedrez 2011"]
[Site "Montevideo URU"]
[Date "2011.11.01"]
[Round "1.45"]
[White "Carvalho, Guillermo"]
[Black "De San Vicente, Sabrina"]
[Result "1-0"]
[WhiteElo "2244"]
[BlackElo "1779"]
[PlyCount "31"]
[EventDate "2011.11.01"]
[EventType "swiss"]
[EventRounds "9"]
[EventCountry "URU"]
[Source "lmi"]
[SourceDate "2011.11.01"]

1. d4 d5 2. Nf3 c5 3. e3 Nc6 4. c4 Nf6 5. Nc3 cxd4 6. exd4 Bg4 7. cxd5 Nxd5 8.
Qb3 Bxf3 9. gxf3 Nxc3 10. bxc3 Qc7 11. Rb1 Rb8 12. d5 Qe5+ 13. Be3 e6 14. dxc6
Bc5 15. c7 Qxc7 16. Qb5+ 1-0

[Event "Copa Latinoamericana de Ajedrez 2011"]
[Site "Montevideo URU"]
[Date "2011.11.01"]
[Round "1.46"]
[White "Visillac, Alejandro"]
[Black "Menna Barreto, Felipe Kubiaki"]
[Result "0-1"]
[WhiteElo "1775"]
[BlackElo "2244"]
[PlyCount "58"]
[EventDate "2011.11.01"]
[EventType "swiss"]
[EventRounds "9"]
[EventCountry "URU"]
[Source "lmi"]
[SourceDate "2011.11.01"]

1. e4 c5 2. Nf3 d6 3. d3 Nc6 4. g3 g6 5. Bg2 Bg7 6. O-O Nf6 7. c3 O-O 8. Re1
Bd7 9. d4 cxd4 10. cxd4 Qb6 11. Nc3 Bg4 12. d5 Ne5 13. Rb1 Rfc8 14. Be3 Qa6 15.
Bf4 Nfd7 16. Re3 Nc4 17. Bf1 Nxe3 18. Bxe3 Qa5 19. h3 Bxf3 20. Qxf3 Ne5 21. Qd1
Nc4 22. Bd4 Nxb2 23. Rxb2 Bxd4 24. Qxd4 Qxc3 25. Qxc3 Rxc3 26. Rxb7 Rf8 27. Rb4
a5 28. Rd4 Rb8 29. a4 Rb4 0-1

[Event "Copa Latinoamericana de Ajedrez 2011"]
[Site "Montevideo URU"]
[Date "2011.11.01"]
[Round "1.48"]
[White "Lopez Durand, Cesar"]
[Black "Bentancor, Franco"]
[Result "0-1"]
[WhiteElo "1758"]
[BlackElo "2240"]
[PlyCount "38"]
[EventDate "2011.11.01"]
[EventType "swiss"]
[EventRounds "9"]
[EventCountry "URU"]
[Source "lmi"]
[SourceDate "2011.11.01"]

1. d4 Nf6 2. Bf4 g6 3. e3 Bg7 4. Nf3 d6 5. h3 O-O 6. c3 Nfd7 7. Bd3 e5 8. Bg5
Qe8 9. Qc2 f5 10. O-O Nb6 11. dxe5 dxe5 12. e4 f4 13. Qb3+ Be6 14. Qa3 Rf7 15.
Nbd2 N8d7 16. Kh2 h6 17. Bh4 g5 18. Bxg5 hxg5 19. Nxg5 Bf8 0-1

[Event "Copa Latinoamericana de Ajedrez 2011"]
[Site "Montevideo URU"]
[Date "2011.11.01"]
[Round "1.50"]
[White "Dabraccio, Guillermo"]
[Black "Pazdur, Martin"]
[Result "1/2-1/2"]
[WhiteElo "1729"]
[BlackElo "2230"]
[PlyCount "33"]
[EventDate "2011.11.01"]
[EventType "swiss"]
[EventRounds "9"]
[EventCountry "URU"]
[Source "lmi"]
[SourceDate "2011.11.01"]

1. d4 Nf6 2. Nf3 e6 3. Bf4 d5 4. Nbd2 c5 5. e3 Nc6 6. c3 Be7 7. Be2 O-O 8. h3
Ne4 9. Ne5 Nxd2 10. Qxd2 Nxe5 11. Bxe5 Bd6 12. Bxd6 Qxd6 13. Rd1 Bd7 14. O-O
Bc6 15. dxc5 Qxc5 16. Qd4 Qxd4 17. exd4 1/2-1/2

[Event "Copa Latinoamericana de Ajedrez 2011"]
[Site "Montevideo URU"]
[Date "2011.11.01"]
[Round "1.51"]
[White "Hernandez Riera, Jose"]
[Black "Ortiz, Soledad"]
[Result "1-0"]
[WhiteElo "2225"]
[BlackElo "1723"]
[PlyCount "55"]
[EventDate "2011.11.01"]
[EventType "swiss"]
[EventRounds "9"]
[EventCountry "URU"]
[Source "lmi"]
[SourceDate "2011.11.01"]

1. Nf3 Nf6 2. g3 g6 3. Bg2 Bg7 4. O-O O-O 5. c4 d5 6. d4 c6 7. cxd5 cxd5 8. Nc3
Nc6 9. Ne5 Bf5 10. Nxd5 Nxd5 11. e4 Be6 12. exd5 Bxd5 13. Nxc6 bxc6 14. Be3 Rb8
15. Qa4 a5 16. Bxd5 Qxd5 17. Rfc1 Rfc8 18. Rc5 Qd7 19. d5 Rb4 20. dxc6 Qc7 21.
Qxa5 Rxb2 22. Qxc7 Rxc7 23. Rd1 Rb8 24. Rd7 Rbc8 25. Rxc7 Rxc7 26. a4 Kf8 27.
Rb5 e6 28. Bc5+ 1-0

[Event "Copa Latinoamericana de Ajedrez 2011"]
[Site "Montevideo URU"]
[Date "2011.11.01"]
[Round "1.52"]
[White "Gatti, Santiago"]
[Black "Muniz, Rafael"]
[Result "0-1"]
[WhiteElo "1687"]
[BlackElo "2220"]
[PlyCount "21"]
[EventDate "2011.11.01"]
[EventType "swiss"]
[EventRounds "9"]
[EventCountry "URU"]
[Source "lmi"]
[SourceDate "2011.11.01"]

1. d4 Nf6 2. Nf3 c5 3. c3 b6 4. Bf4 Bb7 5. e3 g6 6. Nbd2 Bg7 7. Be2 O-O 8. h3
d6 9. O-O Nbd7 10. a4 Qe8 11. a5 0-1

[Event "Copa Latinoamericana de Ajedrez 2011"]
[Site "Montevideo URU"]
[Date "2011.11.02"]
[Round "1.53"]
[White "Quenallata, Luciano"]
[Black "Milan, Julio"]
[Result "1-0"]
[WhiteElo "2217"]
[BlackElo "1682"]
[PlyCount "61"]
[EventDate "2011.11.01"]
[EventType "swiss"]
[EventRounds "9"]
[EventCountry "URU"]
[Source "lmi"]
[SourceDate "2011.11.01"]

1. c4 Nf6 2. Nc3 c6 3. e4 d6 4. d4 g6 5. Be2 Bg7 6. f4 O-O 7. Nf3 h6 8. O-O Na6
9. e5 Nh7 10. Be3 Nc7 11. d5 Bg4 12. Qd2 Bxf3 13. Bxf3 dxe5 14. fxe5 Bxe5 15.
Bxh6 Re8 16. dxc6 Qxd2 17. Bxd2 b6 18. Rfd1 Nf8 19. Rac1 Nfe6 20. Be3 Rad8 21.
b4 Nd4 22. Nd5 Nxf3+ 23. gxf3 e6 24. Nxc7 Bxc7 25. a4 Rd6 26. Rxd6 Bxd6 27. c5
bxc5 28. Bxc5 Bb8 29. b5 Rc8 30. Be3 f5 31. a5 1-0

[Event "Copa Latinoamericana de Ajedrez 2011"]
[Site "Montevideo URU"]
[Date "2011.11.01"]
[Round "1.54"]
[White "Solari, Pablo"]
[Black "Perez Gormaz, Matias"]
[Result "0-1"]
[WhiteElo "1663"]
[BlackElo "2216"]
[PlyCount "78"]
[EventDate "2011.11.01"]
[EventType "swiss"]
[EventRounds "9"]
[EventCountry "URU"]
[Source "lmi"]
[SourceDate "2011.11.01"]

1. Nf3 d5 2. d4 Nf6 3. c4 c6 4. Nc3 e6 5. cxd5 exd5 6. Bg5 Be7 7. e3 O-O 8. Bd3
Nbd7 9. O-O Re8 10. Qc2 Nf8 11. Rab1 Ng6 12. b4 a6 13. Nh4 Nxh4 14. Bxh4 Ne4
15. Bxe4 dxe4 16. Bg3 Bf8 17. a4 h5 18. h3 h4 19. Bh2 Qg5 20. Kh1 Bf5 21. Qe2
Rad8 22. b5 axb5 23. axb5 Rd6 24. Rbc1 Rg6 25. Rg1 Ba3 26. Rc2 Bb4 27. bxc6
bxc6 28. Na4 Ra8 29. Nc5 Ra1 30. g4 hxg3 31. fxg3 Rxg1+ 32. Kxg1 Bxh3 33. Nxe4
Qa5 34. Ra2 Qf5 35. Nf2 Qb1+ 36. Nd1 Bg4 37. Rb2 Qc1 38. Qd3 Bxd1 39. Rxb4 Be2+
0-1

[Event "Copa Latinoamericana de Ajedrez 2011"]
[Site "Montevideo URU"]
[Date "2011.11.01"]
[Round "1.55"]
[White "Cristobal, Manuel"]
[Black "Tacoronte, Daniel"]
[Result "1-0"]
[WhiteElo "2208"]
[BlackElo "2187"]
[PlyCount "83"]
[EventDate "2011.11.01"]
[EventType "swiss"]
[EventRounds "9"]
[EventCountry "URU"]
[Source "lmi"]
[SourceDate "2011.11.01"]

1. d4 Nf6 2. Nf3 g6 3. c4 d6 4. Nc3 Bg7 5. e4 O-O 6. Be2 Nc6 7. O-O e5 8. d5
Ne7 9. Ne1 Ne8 10. Be3 f5 11. f3 Nf6 12. Nd3 f4 13. Bf2 g5 14. c5 h5 15. Rc1 g4
16. cxd6 cxd6 17. Nb5 b6 18. Nb4 gxf3 19. Bxf3 Ng4 20. Nc6 Qd7 21. Qb3 Ba6 22.
Nxe7+ Qxe7 23. Rc6 Bxb5 24. Qxb5 Bf6 25. Bxg4 hxg4 26. Rfc1 g3 27. hxg3 fxg3
28. Bxg3 Bh4 29. Rc7 Qg5 30. Qd7 Qe3+ 31. Kh1 Qh6 32. Qh3 Bg5 33. Qxh6 Bxh6 34.
R1c6 Rf6 35. Bxe5 Rf1+ 36. Kh2 Bf4+ 37. Bxf4 Rxf4 38. Rxd6 Rxe4 39. Rg6+ Kf8
40. d6 Rd4 41. Rf6+ Ke8 42. Re7+ 1-0

[Event "Copa Latinoamericana de Ajedrez 2011"]
[Site "Montevideo URU"]
[Date "2011.11.01"]
[Round "1.57"]
[White "Piñeiro, Dario"]
[Black "D'Andrea, Leonardo"]
[Result "1/2-1/2"]
[WhiteElo "2198"]
[BlackElo "2125"]
[PlyCount "54"]
[EventDate "2011.11.01"]
[EventType "swiss"]
[EventRounds "9"]
[EventCountry "URU"]
[Source "lmi"]
[SourceDate "2011.11.01"]

1. e4 c5 2. Nf3 Nc6 3. d4 cxd4 4. Nxd4 Nf6 5. Nc3 e5 6. Ndb5 d6 7. Bg5 a6 8.
Na3 b5 9. Nd5 Be7 10. Bxf6 Bxf6 11. c4 O-O 12. g3 Nd4 13. Bg2 Qa5+ 14. Qd2
Qxd2+ 15. Kxd2 Rb8 16. h3 Be6 17. f4 Rfd8 18. cxb5 axb5 19. Rhc1 Bxd5 20. exd5
exf4 21. gxf4 b4 22. Nc2 Re8 23. Re1 Nxc2 24. Kxc2 g6 25. Kb3 Rxe1 26. Rxe1 Bd4
27. Re4 Bc5 1/2-1/2